Daniel Defoe's moral and rhetorical ideas /

Bibliographic Details
Main Author: Merrett, Robert James
Corporate Author: English Literary Studies
Format: Book
Language:English
Published: Victoria, B.C. : English Literary Studies, University of Victoria, 1980.
Series:ELS monograph series ; no. 19.
Subjects:

MARC

Tag First Indicator Second Indicator Subfields
LEADER 00000cam a2200000 a 4500
001 in00000083232
005 20151008055629.0
008 800915s1980 bcc b 00010 eng d
020 |a 0920604366 (pbk.) 
035 |a (OCoLC)06714719 
035 |9 AAJ3969AM 
040 |a IBR  |c IBR  |d m.c.  |d TXA  |d UtOrBLW 
049 |a TXAM  |c [1655131] 
090 |a PR3408.R45  |b M4 
100 1 |a Merrett, Robert James. 
245 1 0 |a Daniel Defoe's moral and rhetorical ideas /  |c Robert James Merrett. 
264 1 |a Victoria, B.C. :  |b English Literary Studies, University of Victoria,  |c 1980. 
300 |a 112 pages ;  |c 23 cm. 
336 |a text  |b txt  |2 rdacontent 
337 |a unmediated  |b n  |2 rdamedia 
338 |a volume  |b nc  |2 rdacarrier 
490 1 |a ELS monograph series ;  |v no. 19 
504 |a Includes bibliographical references. 
600 1 0 |a Defoe, Daniel,  |d 1661?-1731  |x Ethics. 
600 1 0 |a Defoe, Daniel,  |d 1661?-1731  |x Religion. 
710 2 |a English Literary Studies. 
830 0 |a ELS monograph series ;  |v no. 19. 
999 |a MARS 
999 f f |s 0f462323-cc5d-3e00-ba24-8f69a61cacd7  |i 0238c2ab-a854-3c4e-ba82-194d0898363a  |t 0 
952 f f |p normal  |a Texas A&M University  |b College Station  |c Sterling C. Evans Library  |d Evans: Library Stacks  |t 0  |e PR3408.R45 M4  |h Library of Congress classification  |i unmediated -- volume  |m A14806184362 
998 f f |a PR3408.R45 M4  |t 0  |l Evans: Library Stacks